Association internationale pour la réforme douanière (Record no. 151596)

MARC details
000 -LEADER
campo de control de longitud fija 01375nam a22002295i 4500
001 - NÚMERO DE CONTROL
campo de control 151596
003 - IDENTIFICADOR DE NÚMERO DE CONTROL
campo de control ES-MaACL
005 - FECHA Y HORA DE LA ÚLTIMA TRANSACCIÓN
campo de control 20250809012358.0
008 - DATOS DE LONGITUD FIJA--INFORMACIÓN GENERAL
campo de control de longitud fija 040831s1863 be |||| | fre d
040 ## - FUENTE DE CATALOGACIÓN
Centro catalogador/agencia de origen CAM
Lengua de catalogación spa
Centro/agencia transcriptor CAM
110 2# - ENTRADA PRINCIPAL--NOMBRE DE ENTIDAD CORPORATIVA
Nombre de entidad corporativa o nombre de jurisdicción como elemento de entrada Association Internationale pour la Réforme Douanière (Bruselas)
9 (RLIN) 134149
245 10 - MENCIÓN DEL TÍTULO
Título Association internationale pour la réforme douanière
Resto del título : première publication de 1863.
260 ## - PUBLICACIÓN, DISTRIBUCIÓN, ETC.
Lugar de publicación, distribución, etc. Bruxelles :
Nombre del editor, distribuidor, etc. Office de publicité,
Fecha de publicación, distribución, etc. 1863 (
Fabricante Imp. de Ch. Lelong)
300 ## - DESCRIPCIÓN FÍSICA
Extensión 41, [1] p. ;
Dimensiones 25 cm.
505 8# - NOTA DE CONTENIDO CON FORMATO
Nota de contenido con formato Contiene : Circulaire du Comité central siégeant à Bruxelles ; Compte rendu de l'assemblée générale tenue à Bruxelles le 25 septembre 1862 ; Des moyens pratiques de supprimes la douane en Belgique / Léon Vercken ; Sur la suppresion de la douane en Belgique / Al. Joffroy ; Esquisse d'un projet pratique de taxation ; Proposition de mettre l'abolition radicale des douanes à l'ordre du jour du prochain congrès de l'Association internationale pour le progrès des sciences sociales
650 07 - PUNTO DE ACCESO ADICIONAL DE MATERIA--TÉRMINO DE MATERIA
Término de materia o nombre geográfico como elemento de entrada Aduanas
Fuente del encabezamiento o término embne
9 (RLIN) 135506
710 21 - ENTRADA AGREGADA--NOMBRE DE ENTIDAD CORPORATIVA
Nombre de entidad corporativa o nombre de jurisdicción como elemento de entrada Association internationale pour le progrès des sciences sociales.
9 (RLIN) 134153
752 ## - ENTRADA AGREGADA--NOMBRE JERÁRQUICO DEL LUGAR
País o entidad superior Bélgica -
Jurisdicción política intermedia Bruselas
852 ## - LOCALIZACIÓN
Ubicación ES-MaACL
Número de control de estantería T-1283-F-12
Nota libre -- Enc. hol., conservando la cub. original
-- -- Enc. en un vol. facticio
942 ## - ELEMENTOS DE ENTRADA SECUNDARIOS (KOHA)
Fuente del sistema de clasificación o colocación Clasificación decimal universal
Holdings
Estatus retirado Estado de pérdida Fuente del sistema de clasificación o colocación Estado de daño No para préstamo Colección Biblioteca de origen Biblioteca actual Ubicación en estantería Fecha de adquisición Total de préstamos Signatura topográfica completa Código de barras Visto por última vez Precio de reemplazo Tipo de ítem Koha
    Clasificación decimal universal     Colección de folletos Biblioteca del Ateneo de Madrid Biblioteca del Ateneo de Madrid Depósito folletos 17/01/2008   T-1283-F-12 1158199 23/02/2023 23/02/2023 Folleto